| 000 | 00789cam a2200217 i 4500 | ||
|---|---|---|---|
| 005 | 20251125110031.0 | ||
| 008 | 250721s2005 sy gr 000 0 ara d | ||
| 082 | 1 | 4 | _a211.7 / خ ا ل |
| 100 | 1 |
_aالخالدي، صلاح عبد الفتاح _eمؤلف. |
|
| 245 | 1 | 0 |
_aمفاتيح للتعامل مع القرآن / _cالدكتور صلاح عبد الفتاح الخالدي. |
| 250 | _aالطبعة الرابعة. | ||
| 264 | 3 | 1 |
_aدمشق : _bدار القلم، _c2005. |
| 300 | _a176صفحة. | ||
| 490 | 0 |
_aمن كنوز القرآن ؛ _vرقم 1. |
|
| 650 | 1 | 7 | _aالقرآن الكريم. |
| 650 | 1 | 7 | _aعلوم القرآن. |
| 650 | 1 | 7 | _aالفقه الاسلامي. |
| 830 | 0 | _aمن كنوز القرآن. | |
| 942 |
_2ddc _cBK |
||
| 999 |
_c17190 _d17190 |
||